| 000 | 01968nam0a2200433 4500 | ||
|---|---|---|---|
| 001 | RU\NLR\BIBL_A\012910138 | ||
| 005 | 20240726112241.0 | ||
| 010 |
_a978-5-04-167217-1 _93000 |
||
| 021 |
_aRU _bАЛ-П-22-00734и _9АЛ-П-22-0143 |
||
| 035 | _a(NLR Aleph) 012910138 | ||
| 090 |
_a12611665 _c12611665 |
||
| 100 | _a20221014d2022 u y0rusy50 ca | ||
| 101 | 1 |
_arus _ceng |
|
| 102 | _aRU | ||
| 105 | _aa t 000ay | ||
| 181 | 0 |
_ab2 _bab2e |
|
| 181 | 0 |
_ai1 _bab2e |
|
| 182 | 0 | _an | |
| 200 | 1 |
_aПроклятие морских ведьм _e[комикс _eдля старшего школьного возраста] _fКлиари, Бранкати, Греппи [и др. _gперевод с английского Т. Ивакина _gиллюстрации Валентины Бранкати и др.] _gDisney |
|
| 203 |
_aТекст _aИзображение _bвизуальные _cнепосредственные |
||
| 210 |
_aМосква _cЭксмо _d2022 |
||
| 215 |
_a95 с. _cцв. ил. _d25 |
||
| 225 | 1 | _aНовые приключения Русалочки | |
| 300 | _aЗагл. в вып. дан.: Русалочка. Проклятие морских ведьм. Новые приключения Ариэль | ||
| 333 | _a12+ | ||
| 517 | 1 | _aРусалочка. Проклятие морских ведьм. Новые приключения Ариэль | |
| 686 | 0 | _aШ9(7США)62-4 | |
| 686 | 0 | _aЩ153(4Ит)65-475 | |
| 701 | 1 |
_7ca _8rus _aКлири _bР. _gРона _9222632 _3RU\NLR\AUTH\770222688 |
|
| 701 | 1 |
_aБранкати _bВ. _gВалентина |
|
| 701 | 1 |
_7ca _8rus _aГреппи _bА. _gАндреа _9270386 _3RU\NLR\AUTH\770270442 |
|
| 702 | 1 |
_aБранкати _bВ. _gВалентина _4040 |
|
| 942 | _cBOOK | ||
| 980 | _aNB | ||